Un agujero en la alambrada / (Registro nro. 12059)
[ vista simple ]
| 000 -LEADER | |
|---|---|
| fixed length control field | 00745nam a22002657a 4500 |
| 001 - CONTROL NUMBER | |
| control field | 0011820 |
| 003 - CONTROL NUMBER IDENTIFIER | |
| control field | DO-SdBNP |
| 005 - DATE AND TIME OF LATEST TRANSACTION | |
| control field | 20180209114855.0 |
| 007 - PHYSICAL DESCRIPTION FIXED FIELD--GENERAL INFORMATION | |
| fixed length control field | 0011820 |
| 008 - FIXED-LENGTH DATA ELEMENTS--GENERAL INFORMATION | |
| fixed length control field | 161124b 1979 sp||||| |||| 00| 0 spa d |
| 020 ## - INTERNATIONAL STANDARD BOOK NUMBER | |
| International Standard Book Number | 9788434808850 |
| 040 ## - CATALOGING SOURCE | |
| Original cataloging agency | BPMSU |
| Language of cataloging | spa |
| Transcribing agency | BPMSU |
| 100 1# - MAIN ENTRY--PERSONAL NAME | |
| Personal name | Sautereau, François |
| 245 10 - TITLE STATEMENT | |
| Title | Un agujero en la alambrada / |
| Statement of responsibility, etc. | François Sautereau. |
| 250 ## - EDITION STATEMENT | |
| Edition statement | 22a ed. |
| 260 ## - PUBLICATION, DISTRIBUTION, ETC. (IMPRINT) | |
| Place of publication, distribution, etc. | Madrid : |
| Name of publisher, distributor, etc. | SM, |
| Date of publication, distribution, etc. | 1979. |
| 300 ## - PHYSICAL DESCRIPTION | |
| Extent | 202 p. : |
| Other physical details | il. ; |
| Dimensions | 19 cm |
| 490 1# - SERIES STATEMENT | |
| Series statement | El barco de vapor ; |
| Volume/sequential designation | 6 |
| 586 ## - AWARDS NOTE | |
| Awards note | "Premio futurible 1979." |
| 830 #0 - SERIES ADDED ENTRY--UNIFORM TITLE | |
| Uniform title | El barco de vapor ; |
| Number of part/section of a work | 6 |
| 942 ## - ADDED ENTRY ELEMENTS (KOHA) | |
| Source of classification or shelving scheme | Dewey Decimal Classification |
| Koha item type | Libros |
| 945 ## - LOCAL PROCESSING INFORMATION (OCLC) | |
| a | Inventariado, 2018 /LP |
| 956 ## - LOCAL ELECTRONIC LOCATION AND ACCESS (OCLC) | |
| Host name | LOPEREZ |
| Access number | 10 |
| Compression information | 20160718 |
| Processor of request | BPMSU |
| 956 ## - LOCAL ELECTRONIC LOCATION AND ACCESS (OCLC) | |
| Host name | BTAVÁREZ |
| Access method | 10 |
| Materials specified | 20161124 |
| Linkage | 0011820 |
| Withdrawn status | Lost status | Source of classification or shelving scheme | Damaged status | Not for loan | Collection code | Home library | Current library | Date acquired | Source of acquisition | Total Checkouts | Barcode | Date last seen | Price effective from | Koha item type |
|---|---|---|---|---|---|---|---|---|---|---|---|---|---|---|
| Dewey Decimal Classification | Colección Infantil General | Biblioteca Pública Metropolitana Salomé Ureña | Biblioteca Pública Metropolitana Salomé Ureña | 11/24/2016 | FUNDI | BPMSU16111548 | 11/24/2016 | 11/24/2016 | Libros |